00912nam a2200229 a 4500001001000000003000500010005001700015008004100032010001100073011001100084040000900095100004500104245018800149260004100337500006000378502007700438650002600515650002400541650002900565650001800594856007000612000109292CHAP20220329144045.0140416s2013 mx sm |||||||spa d a105754 a106726 cCHAP1 aMorales Hernández, Geeber Rabindranath10aAnálisis combinados del rendimiento de lineas experimentales de cacahuate (Arachis hypogaea L.) en el suroeste de Morelosh[En línea]cpor Geeber Rabindranath Morales Hernández. aChapingo, Méx. :bEl autor,c2013. aPara ver el contenido del material haga clic en la liga aTesis (Ing. Agr. Esp. en Fitotecnia) -- UACH. Departamento de Fitotecnia14aCacahuatexIndustria.14aCacahuatexMorelos.14aCacahuatexSubproductos.14aVitaminas (B) aFinding aiduhttp://10.13.5.2/tesis/sist109292.pdfzTeclea aquí